000 00847cab a2200265 4500
001 WB3314-82
008 090401t1997 xxu||||| |||| 00| 0 eng d
035 _a(Sirsi) u77655
041 _aeng
245 _aTighter rules for farm homes
260 _c1997
350 _a0
490 _aWestern Morning News
_v`Property Review` Spring 1997, 14(1)
520 _aApplication of the new PPG7 should mean that fewer farm dwellings will be built in open countryside. It should also lead to fewer demands for removal of agricultural ties.
650 _aAGRICULTURAL OCCUPANCY CONDITIONS
650 _aAGRICULTURAL TIES
650 _aFARM HOUSES
650 _aGOVERNMENT POLICY
650 _aPLANNING CONDITIONS
650 _aPPG7 REVISED
650 _aRURAL DWELLINGS
690 _aRURAL PRACTICE
942 _n0
948 _c08/04/1997
999 _c48810
_d48810